000 00625nam a2200181Ia 4500
008 151018s9999 xx 000 0 und d
082 _bRBASDV48953
_a891.463
100 _aशैलजा राणे-घोरपडे
245 _aहि वाट दूर जाते
250 _b1
260 _bअजब प्रकाशन
_c2009
300 _a160
600 _aशैलजा राणे-घोरपडे
630 _aहि वाट दूर जाते
700 _aशैलजा राणे-घोरपडे
730 _aहि वाट दूर जाते
942 _cBOOK
999 _c1048076
_d1048073